South Eastern Kenya University

Library Online Public Access Catalogue


Exploring Microsoft Office 2010 : (Record no. 8749)

MARC details
000 -LEADER
fixed length control field 00468cam a2200169 a 4500
020 ## - ISBN
International Standard Book Number 9781256808848
020 ## - ISBN
International Standard Book Number 0135091497
020 ## - ISBN
International Standard Book Number 1256808849
050 00 - LIBRARY OF CONGRESS CALL NUMBER
Classification Number HF5548.4.M52
Item Number E97 2012
245 00 - TITLE
Title Exploring Microsoft Office 2010 :
Remainder of title Excel skills /
Statement of responsibility, etc Humber College
250 ## - EDITIONSTATEMENT
Edition statement Canadian ed.
260 ## - PUBLICATION, DISTRIBUTION, ETC.(IMPRINT)
Place of publication, distribution, etc Boston, MA [USA] :
Name of publisher, distributor, etc Pearson Learning Solutions
Date of publication, distribution, etc c2012.
300 ## - PHYSICAL DESCRIPTION
Extent vi, 536 p. :
500 ## - GENERALNOTE
General note ill.
650 #0 - SUBJECT--TOPIC
General subdivision Computer programs.
942 ## - ADDED ENTRY ELEMENTS(KOHA)
Source of classification or shelving scheme Library of Congress Classification
Koha item type General circulation
Holdings
Source of classification or shelving scheme Not for loan Location (home branch) Sublocation (holding branch) Shelving location Date accessioned Cost, normal purchase price Full call number Barcode Cost, replacement price Nonpublic note Koha item type Public note
Library of Congress Classification   Mtito Andei Centre Library Mtito Andei Centre Library   12/02/2016 11301.00 HF5548.4.M52 E97 2012 2016/014388 12431.00 Nzk General circulation Nzk
Library of Congress Classification   Wote Campus Library Wote Campus Library   08/09/2015 11301.00 HF5548.4.M52 E97 2012 2015/004588 12431.00 Nzk General circulation Nzk
Kitui, Kenya.
+254736116989
library@seku.ac.ke